| 000 | 01690cam a22004574i 4500 | ||
|---|---|---|---|
| 003 | PE-LiUPU | ||
| 005 | 20250731173402.0 | ||
| 008 | s2000 xxu r 0 0 spa | ||
| 020 | _a0311043410 | ||
| 035 | _a(Sirsi) i9780311043415 | ||
| 035 | _a(Sirsi) 45519 | ||
| 041 | _aes | ||
| 082 | 0 | 4 |
_a225.9 _bL33 |
| 100 | 1 |
_aLea, Thomas D., _eautor. |
|
| 245 | 1 | 3 |
_aEl Nuevo Testament : _bsu trasfondo y su mensaje / _cThomas D. Lea. |
| 264 | 1 |
_aUSA : _bEditorial Mundo Hispano, _c2000. |
|
| 300 |
_a642 páginas ; _c24 centímetros |
||
| 336 |
_atext _2rdacontent |
||
| 337 |
_aunmediated _2rdamedia |
||
| 338 |
_avolume _2rdacarrier |
||
| 505 | 0 | _aEl trasfondo del nuevo testamento -- La vida de Jesús y los evangelios -- El crecimiento de la iglesia primitiva en hechos -- Las epístolas de Pablo -- Hebreos, epístolas generales y Apocalipsis | |
| 526 | _aSEG42 | ||
| 526 | _aSEG41 | ||
| 526 | _aSEG40 | ||
| 526 | _aSEG39 | ||
| 526 | _aP94 | ||
| 526 | _aP87 | ||
| 526 | _aP86 | ||
| 526 | _aP85 | ||
| 526 | _aP77 | ||
| 526 | _aP76 | ||
| 526 | _aP35 | ||
| 630 |
_aBiblia _pN.T. _xHistoria de los acontecimientos contemporáneos |
||
| 942 |
_2ddc _cBOOK |
||
| 949 |
_a225.9 L33 _i63075 _lCCODEBUL1 _mBUL _tLIBRO _o.STAFF. Colección Teología |
||
| 859 |
_q63075 _h225.9 _iL33 |
||
| 910 |
_agl _bjv _cng _d20110603 |
||
| 596 | _a1 | ||
| 999 |
_a225.9 L33 _wDEWEY _c52091 _i63075 _d52091 _e2019-6-13 _f2021-11-9 _g5 _lCCODEBUL1 _mBUL _n8 _p32.00 _q12 _r0 _sY _tBOOK _u2015-7-6 _xTEOLOGIA _PP35 _0COMPRA _o.STAFF. Colección Teología |
||
| 980 |
_81 _gALBERTO SANCHEZ Responsable de Automatización |
||